समस्या और समाधान (Record no. 32058)

MARC details
000 -LEADER
fixed length control field 00323nam a22001337a 4500
003 - CONTROL NUMBER IDENTIFIER
control field SGT
020 ## - INTERNATIONAL STANDARD BOOK NUMBER
International Standard Book Number 9788197439599
082 ## - DEWEY DECIMAL CLASSIFICATION NUMBER
Classification number 301
Item number S24T
100 ## - MAIN ENTRY--PERSONAL NAME
Personal name ठाकुर, रघु
245 ## - TITLE STATEMENT
Title समस्या और समाधान
260 ## - PUBLICATION, DISTRIBUTION, ETC. (IMPRINT)
Name of publisher, distributor, etc VL MEDIA. SOLUTIONS.
Year of Publication 2024
300 ## - PAGE DESCRIPTION
No. of Pages 216
942 ## - ADDED ENTRY ELEMENTS (KOHA)
Source of classification or shelving scheme Dewey Decimal Classification
Koha item type Books
Holdings
Withdrawn status Lost status Source of classification or shelving scheme Damaged status Not for loan Home library Current library Shelving location Date acquired SGTU Total Checkouts Full call number Accession No. (Barcode) Date last seen Bill Date Koha item type
    Dewey Decimal Classification   Not For Loan SGT Chancellor's Library SGT Chancellor's Library Reference Book 07/07/2025 SGTU   301 S24T CH4080 07/07/2025 07/07/2025 Books